| 000 | 00769cam a22002777a 4500 | ||
|---|---|---|---|
| 003 | CHAP | ||
| 005 | 20220329134632.0 | ||
| 008 | 971013s r 00010 d | ||
| 010 | _a23361 | ||
| 011 | _a24333 | ||
| 035 | _a28432 | ||
| 040 | _cCHAP | ||
| 090 | _aFolleto 2650 | ||
| 100 | 0 | 0 |
_aBrand, Donald d. _915019 |
| 245 | 1 | 4 | _aThe sweet potato; an exercise in methodology |
| 260 |
_a(s.p.i), _c(s.a.) |
||
| 300 | _aPág. varía | ||
| 504 | _aBibliografía | ||
| 590 |
_aBATCH-UPD _b10 _c20130110 _lUCH01 _h0226 |
||
| 590 |
_aBATCH-UPD _b10 _c20130110 _lUCH01 _h2111 |
||
| 590 |
_aCONVERSION _b10 _c20130109 _lUCH01 _h1314 |
||
| 650 | 1 | 4 |
_aCamote _xHistoria. _917895 |
| 901 | _aBK | ||
| 942 | _cFOLL | ||
| 949 |
_aFolleto 2650 _bBC _cFOLL _d-65610 _eTS1 _i28432 _mD _si |
||
| 999 |
_c23361 _d23361 |
||